| 000 | 00685cam a22002173a 4500 | ||
|---|---|---|---|
| 001 | 36039 | ||
| 003 | PGUSA | ||
| 005 | 20140828083757.0 | ||
| 008 | 110505s2011||||xxu|||||s|||||000 | eng d | ||
| 040 |
_aPGUSA _beng |
||
| 042 | _adc | ||
| 100 | 1 |
_aRouse, W. H. D. _q(William Henry Denham), _d1863-1950 |
|
| 245 | 1 | 4 |
_aThe Giant Crab and Other Tales from Old India _h[electronic resource] / _cW. H. D. Rouse |
| 260 |
_bProject Gutenberg, _c2011 |
||
| 506 | _aPublic domain in the USA. | ||
| 516 | _aElectronic text | ||
| 700 | 1 |
_aRobinson, W. Heath _q(William Heath), _d1872-1944 |
|
| 830 | 0 |
_aProject Gutenberg _v36039 |
|
| 856 | 4 | 0 | _uhttp://www.gutenberg.org/ebooks/36039 |
| 942 | _cEB | ||
| 999 |
_c265294 _d265294 |
||